000 00803nam a2200277 4500
001 19607
003 BD-RjUL
005 20211209000444.0
008 140225s1970 enk b 001 0 eng
020 _a0710065833
035 _a(BD-RjUL)19667
040 _aDLC
_cDLC
_dDLC
_dBD-RjUL
_beng
041 _aeng
082 0 0 _a821.4
_bMIL
100 1 _aShawcross, John T.,
_960227
245 1 0 _aMilton: the critical heritage /
_cedited by John T. Shawcross.
260 _aLondon :
_bRoutledge & K. Paul,
_c1970.
300 _axi, 276 p. ;
_c23 cm.
350 _a55/-
490 0 _aThe Critical heritage series
504 _aBibliography: p. 265-269.
600 1 0 _aMilton, John,
_d1608-1674
_xCriticism and interpretation.
_955317
942 _2ddc
_cBK
999 _c19607
_d19607